Neurónové siete v porovnaní s tradičnými klasifikačnými algoritmami v strojovom učení diplomová práca

Salvato in:
Dettagli Bibliografici
Autore principale: Grilus, Andrej
Ente Autore: Fakulta hospodárskej informatiky EU. Katedra štatistiky
Altri autori: Komara, Silvia, 1985-
Natura: Libro
Lingua:slovacco
Pubblicazione: Bratislava 2024
Tags: Aggiungi Tag
Nessun Tag, puoi essere il primo ad aggiungerne!!

MARC

LEADER 00000nbm a2200000 4500
001 0301135
005 20250904102113.5
041 0 |a slo 
044 |a SK 
245 1 0 |a Neurónové siete v porovnaní s tradičnými klasifikačnými algoritmami v strojovom učení  |b diplomová práca  |c Andrej Grilus ; školiteľ: Silvia Komara 
264 1 |a Bratislava  |c 2024 
300 |a 86 s. 
100 1 |a Grilus, Andrej 
700 1 |a Komara, Silvia, 1985- 
710 2 |a Fakulta hospodárskej informatiky EU. Katedra štatistiky